Alphabet Puzzle: First Letters #2 - Statistics

General Stats
  • This quiz has been taken 258 times
  • The average score is 16 of 26
Answer Stats
Hint Answer % Correct
Q Royal female Queen
96%
B Panda food Bamboo
91%
J Large planet Jupiter
84%
V Garlic hater? Vampire
84%
T Jane's jungle man Tarzan
83%
K Eucalyptus eater Koala
82%
U One-wheeled vehicle Unicycle
76%
F Husband-to-be Fiancé
74%
N Month of the year November
73%
O Water component Oxygen
73%
R Weasley brother Ron
69%
Z Animal garden Zoo
68%
I Rainbow colour Indigo
65%
X See-through vision X-Ray
65%
Y Express tiredness Yawn
65%
H 7-sided polygon Heptagon
61%
W Sommelier's forte Wine
60%
E Large penguin Emperor
59%
D 'Distressed' maiden? Damsel
51%
L Woodsman Lumberjack
50%
S Do not die Survive
49%
C Tropical storm Cyclone
45%
M Musical tune Melody
32%
A Full of oneself Arrogant
27%
P Die Perish
25%
G Vault expert Gymnast
20%
No matching quizzes found
Score Distribution
Percent of People with Each Score
Percentile by Number Answered
Your Score History
You have not taken this quiz